00631nam a22002171a 450000100060000000300080000600500170001400800410003103500190007204000290009104100080012008200260012810000450015424500710019925000110027026000420028130000250032350400200034865000240036870000210039215149BD-RjUL20211208235747.0140209s1958 nyu 001 0 eng d a(BD-RjUL)15203 aLCbengcLCdLCdBD-RjUL aeng04a657.458bBRI 19582231 aBrink, Victor Z.,q(Victor Zinn),d1906-10aInternal auditing /cby Victor Z. Brink revised by James A. Cashin a2d ed. aNew York :bThe Ronald Press,cc1958. avi, 478 p. ;c24 cm. aIncludes index. 0aAuditing, Internal. aCashin, James A.